| 000 | 00669nam a2200181Ia 4500 | ||
|---|---|---|---|
| 008 | 170725s9999 xx 000 0 und d | ||
| 100 | _aRanjit Singh | ||
| 245 | _aMeasuring Customers’ Perception in Bancassurance Channel Using Psychometric Scale | ||
| 245 | _cRanjit Singh | Mousumi Choudhury | ||
| 260 | _c2017 | ||
| 300 | _apages 67-86, January | ||
| 440 |
_aDLSU Business & Economics Review _v26:2 |
||
| 500 | _aCJ0034 | ||
| 650 | _aBANCASSURANCE, BANKS, CUSTOMER'S PERCEPTION, INSURANCE, STATE BANK OF INDIA (SBI), SERVICE QUALITY | ||
| 650 | _aBANKS | ||
| 650 | _aCUSTOMER'S PERCEPTION | ||
| 650 | _aINSURANCE, STATE BANK OF INDIA (SBI), SERVICE QUALITY | ||
| 999 |
_c340920 _d340920 |
||